Most Common Double-Letter Words A-Z - Statistics

General Stats
  • This quiz has been taken 100 times
  • The average score is 6 of 24
Answer Stats
letter freq letters word % Correct
EE 3107 xEE see
95%
FF 703 xFF off
91%
DD 357 xDD add
88%
LL 5969 xxLL will
55%
JJ <1 xxJJ hajj
49%
UU 19 xxxUUx vacuum
38%
OO 2126 xOOx good
27%
CC 417 xCCxxxx account
25%
AA 5 xxxAAx bazaar
21%
RR 414 xxRRx carry
20%
II 8 xxIIxx skiing
20%
ZZ 18 xxZZxx puzzle
14%
HH 9 xxxHHxxx withhold
14%
NN 201 xxxxNNxxx beginning
9%
WW <1 xxWWxx powwow glowworm
9%
PP 690 xxPPxxx support
9%
TT 550 xxTTxx little
8%
SS 752 xxxxxxSS business
7%
VV 1 xxVVxx navvy revved
7%
MM 503 xxMMxxxxx community
5%
YY <1 xxYYxx sayyid
3%
GG 377 xxGGxxx suggest
3%
KK 1 xxxKKxxx bookkeeping trekking
2%
BB 46 xxBBxxx rubbish
2%
No matching quizzes found
Score Distribution
Percent of People with Each Score
Percentile by Number Answered
Your Score History
You have not taken this quiz